000 00212nam a2200097Ia 4500
008 240331s9999 xx 000 0 und d
082 _bRAG
100 _aRaghavan,J.S
245 0 _aVari variyagach chiril
942 _cL
999 _c4660
_d4660